[Event "16th Voronezh Master Open"]
[Site "Voronezh RUS"]
[Date "2012.06.18"]
[Round "6.35"]
[White "Demianjuk,A"]
[Black "Rjanova,V"]
[Result "1-0"]
[WhiteElo "2300"]
[BlackElo "2223"]

1.d4 Nf6 2.c4 e6 3.Nf3 Bb4+ 4.Bd2 Qe7 5.g3 Bxd2+ 6.Qxd2 O-O 7.Bg2 d6 8.Nc3 e5
9.O-O Nc6 10.Nd5 Qd8 11.dxe5 Nxe5 12.Nxe5 dxe5 13.Rfd1 c6 14.Nxf6+ Qxf6 15.Qb4 a5
16.Qb6 Qe7 17.Rd2 Qb4 18.Qe3 Qxc4 19.Qxe5 a4 20.Rd4 Qe6 21.Qh5 Qf6 22.Rad1 Be6
23.a3 Rfd8 24.Qa5 Re8 25.Qb4 Bb3 26.R1d2 Qe7 27.Qxe7 Rxe7 28.Rd8+ Re8 29.Rxa8 Rxa8
30.Rd7 Rb8 31.f4 Kf8 32.Bh3 Re8 33.Kf2 Re7 34.Rd8+ Re8 35.Rd4 Bc2 36.e3 Re4
37.Rd2 Rc4 38.Rd8+ Ke7 39.Rd7+ Kf6 40.Bf1 Rc5 41.Rxb7 Bb3 42.Bd3 Rc1 43.e4 Rh1
44.Bf1 Rxh2+ 45.Bg2 Rh6 46.Rc7 g5 47.Rxc6+ Kg7 48.Rxh6 Kxh6 49.Bh3 gxf4 50.gxf4 Be6
51.Bf1 Kh5 52.Kg3 Bg4 53.Bc4 Be6 54.Be2+ Kh6 55.Bd1 Bd7 56.b3 Bc6 57.e5 Be4
58.bxa4 Kg6 59.a5 Bd3 60.Bf3 Ba6  1-0

[Event "65th ch-RUS HL"]
[Site "Tyumen RUS"]
[Date "2012.06.19"]
[Round "4.6"]
[White "Shimanov,A"]
[Black "Zvjaginsev,V"]
[Result "1/2-1/2"]
[WhiteElo "2600"]
[BlackElo "2683"]

1.d4 e6 2.Nf3 Nf6 3.c4 Bb4+ 4.Bd2 Bxd2+ 5.Qxd2 d5 6.Nc3 O-O 7.e3 Qe7 8.Rc1 dxc4
9.Bxc4 c5 10.O-O Rd8 11.Qc2 cxd4 12.Nxd4 Bd7 13.Qb3 Be8 14.Bb5 Nbd7 15.Be2 Ne5
16.Rfd1 Rac8 17.Nf3 Nc6 18.Rxd8 Rxd8 19.Rd1 Rxd1+ 20.Qxd1 Qb4 21.Qd2 Ne4
22.Nxe4 Qxe4 23.Bd3 Qb4 24.Be2 Qe4 25.Bd3 Qb4 26.Be2 Qe4  1/2-1/2

[Event "20th Montcada Open"]
[Site "Montcada i Reixac ESP"]
[Date "2012.06.26"]
[Round "2.1"]
[White "Cruz,F"]
[Black "Quesada Perez,Yu"]
[Result "0-1"]
[WhiteElo "2404"]
[BlackElo "2625"]

1.d4 Nf6 2.c4 e6 3.Nf3 Bb4+ 4.Bd2 a5 5.g3 d6 6.Bg2 Nbd7 7.O-O e5 8.Nc3 exd4
9.Nxd4 O-O 10.Nc2 Bc5 11.Be3 Re8 12.Qd2 Bxe3 13.Nxe3 Nc5 14.b3 Bd7 15.Rad1 Bc6
16.Qc1 Bxg2 17.Kxg2 Qd7 18.Ncd5 Re6 19.Nxf6+ Rxf6 20.Nd5 Re6 21.Nf4 Rh6 22.Qe3 Qc6+
23.Nd5 Re8 24.Qf3 Qd7 25.h4 c6 26.Nf4 Rf6 27.e3 h6 28.Rh1 Qf5 29.g4 Qe5 30.Qh3 Qe4+
31.Kg1 Ne6 32.Nxe6 Rexe6 33.Rd4 Qc2 34.Qg3 c5 35.Rd5 Qe2 36.Rh3 Re4 37.g5 Rfe6
38.Qh2 Rg4+ 39.Rg3 Ree4 40.Rxd6 Rxg3+ 41.fxg3 Qe1+ 42.Kg2 Rxe3  0-1

[Event "9th Philadelphia International"]
[Site "Philadelphia USA"]
[Date "2012.06.30"]
[Round "4"]
[White "Kelley,D"]
[Black "Nieto,M"]
[Result "1-0"]
[WhiteElo "2242"]
[BlackElo "1965"]

1.d4 Nf6 2.c4 e6 3.Nf3 Bb4+ 4.Bd2 Qe7 5.g3 O-O 6.Bg2 d5 7.O-O Nbd7 8.Qc2 c6
9.Bxb4 Qxb4 10.Nbd2 Qd6 11.Rad1 h6 12.Rfe1 b5 13.c5 Qc7 14.e4 b4 15.e5 Nh7
16.Nh4 g5 17.Nhf3 a5 18.h4 g4 19.Nh2 h5 20.f3 f5 21.exf6 Ndxf6 22.f4 Kg7
23.Re5 Qf7 24.Rde1 Ra7 25.Bf1 Re8 26.Bd3 Nf8 27.Qd1 Ba6 28.Bb1 Rae7 29.Qa4 Bb5
30.Qxa5 Rb7 31.Qxb4 Bd3 32.Qc3 Bxb1 33.Rxb1 N8d7 34.Re2 Ra8 35.a3 Ne8 36.Rbe1 Nc7
37.Qc2 Rab8 38.b4 Qf6 39.Nb3 Ra8 40.f5 Nf8 41.Rf2 exf5 42.Rxf5 Qh6 43.Re7+ Kh8
44.Rff7 Re8 45.Rxe8 Nxe8 46.Rxb7 Qe3+ 47.Qf2 Qh6 48.Rb8 Nf6 49.Qf4 Qg7 50.Qd6 Nd7
51.Rxf8+ Nxf8 52.Qe5  1-0

[Event "40th TCh-GRE 2012"]
[Site "Achaea GRE"]
[Date "2012.07.01"]
[Round "3.12"]
[White "Gkikas,H"]
[Black "Vlahakis,Nikos"]
[Result "0-1"]
[WhiteElo "1894"]
[BlackElo "1534"]

1.c4 Nf6 2.d4 e6 3.Nf3 Bb4+ 4.Bd2 Qe7 5.a3 Bxd2+ 6.Qxd2 d6 7.Nc3 O-O 8.e4 e5
9.dxe5 dxe5 10.Nd5 Nxd5 11.exd5 Bf5 12.Be2 Rd8 13.Rd1 a5 14.O-O b6 15.Qe3 Re8
16.Rfe1 f6 17.Nh4 Bd7 18.Qe4 Qd6 19.Rd3 Na6 20.Rg3 Nc5 21.Qe3 f5 22.Qg5 Qf8
23.Bh5 Re7 24.Bg6 h6 25.Qh5 f4 26.Rc3 Qf6 27.Nf5 Bxf5 28.Bxf5 a4 29.Qg6 Qxg6
30.Bxg6 Rf8 31.f3 Rf6 32.Be4 Kf7 33.Kf2 g6 34.Bc2 Rd6 35.Re2 Rd8 36.Be4 Kf6
37.Re1 h5 38.Bc2 Ree8 39.Be4 Rd6 40.Bc2 Rg8 41.g3 g5 42.Rg1 Rg7 43.Be4 Rd8
44.gxf4 exf4 45.Rc2 Re7 46.Re2 Rde8 47.Rge1 g4 48.Kf1 Nxe4 49.fxe4 f3 50.Re3 Ke5
51.c5 bxc5 52.Rc3 Kf4 53.Rxc5 Rxe4 54.Rxe4+ Rxe4 55.Rxc7 Rd4 56.Rf7+ Ke5
57.Rh7 Kxd5 58.Rxh5+ Kc4 59.Kf2 Rd2+ 60.Kg3 Rg2+  0-1

[Event "40th TCh-GRE 2012"]
[Site "Achaea GRE"]
[Date "2012.07.01"]
[Round "3.5"]
[White "Zeppos,P"]
[Black "Vasiliadis,A"]
[Result "0-1"]
[WhiteElo "2004"]
[BlackElo "1943"]

1.d4 Nf6 2.c4 e6 3.Nf3 Bb4+ 4.Bd2 Qe7 5.g3 O-O 6.Bg2 Bxd2+ 7.Nfxd2 d6 8.Nc3 e5
9.d5 a5 10.O-O Nbd7 11.e4 Nc5 12.b3 Bg4 13.f3 Bd7 14.Qe2 Ne8 15.Rae1 Nf6
16.f4 Rfe8 17.f5 Reb8 18.g4 Ne8 19.Nf3 Na6 20.g5 f6 21.h4 a4 22.Bh3 axb3
23.axb3 Nc5 24.Rb1 Ra3 25.Qc2 b5 26.Kh1 bxc4 27.bxc4 Rba8 28.Rbe1 Ba4 29.Qd2 Bb3
30.Qe2 Na4 31.Nb1 Ra2 32.Nbd2 Nc5 33.Rg1 Bc2 34.gxf6 Nxf6 35.Qe3 R8a3 36.Qg5 Ncxe4
37.Nxe4 Bxe4 38.Rxe4 Rxf3 39.Bf1 Rff2  0-1

[Event "HSC/De Legibus Open"]
[Site "Helmond NED"]
[Date "2012.07.01"]
[Round "7.3"]
[White "Epishin,V"]
[Black "Turov,M"]
[Result "0-1"]
[WhiteElo "2572"]
[BlackElo "2667"]

1.d4 Nf6 2.Nf3 e6 3.c4 Bb4+ 4.Bd2 a5 5.Nc3 b6 6.Bg5 a4 7.a3 Bxc3+ 8.bxc3 d6
9.e3 Bb7 10.Bd3 Ra5 11.Bh4 Nbd7 12.Rb1 Qa8 13.Rb5 Bc6 14.Rxa5 Qxa5 15.Qc2 Qh5
16.Bxf6 Nxf6 17.e4 Qg4 18.O-O Bxe4 19.h3 Qf4 20.Bxe4 Qxe4 21.Qxa4+ Ke7 22.d5 e5
23.Re1 Qf4 24.Qc6 Rc8 25.a4 Kd8 26.a5 bxa5 27.c5 Qc4 28.cxd6 Qxc6 29.dxc7+  0-1

[Event "9th Philadelphia International"]
[Site "Philadelphia USA"]
[Date "2012.07.01"]
[Round "5"]
[White "Kaufman,La"]
[Black "Venkatesh,M"]
[Result "0-1"]
[WhiteElo "2380"]
[BlackElo "2517"]

1.d4 Nf6 2.c4 e6 3.Nf3 Bb4+ 4.Bd2 a5 5.a3 Be7 6.Nc3 d5 7.Qc2 O-O 8.Bg5 Nbd7
9.e3 b6 10.cxd5 exd5 11.Bd3 Bb7 12.O-O Ne4 13.Bf4 Ndf6 14.Bxc7 Qd7 15.Bf4 Rfc8
16.Qb3 a4 17.Qc2 Nxc3 18.bxc3 Ne4 19.c4 Qe6 20.cxd5 Qxd5 21.Qb2 Qb3 22.Qe2 Nc3
23.Qd2 Bxa3 24.Ne5 Bb2 25.Bc2 Ne2+ 26.Qxe2 Rxc2 27.Qg4 Qe6 28.Qg3 Bxa1 29.Rxa1 a3
30.h4 a2 31.h5 Rb2 32.h6 Rb1+ 33.Kh2 g6 34.Ng4 Rxa1 35.Be5 Rc1 36.Nf6+ Qxf6
37.Bxf6 a1=Q 38.Qe5 Rh1+ 39.Kg3 Qg1  0-1

[Event "Stockholm Master Open 2012"]
[Site "Stockholm SWE"]
[Date "2012.07.01"]
[Round "6.9"]
[White "Johansson,G1"]
[Black "Alarik,M"]
[Result "1/2-1/2"]
[WhiteElo "2224"]
[BlackElo "1971"]

1.d4 Nf6 2.c4 e6 3.Nf3 Bb4+ 4.Bd2 a5 5.g3 O-O 6.Bg2 d6 7.O-O Bxd2 8.Qxd2 Ne4
9.Qc2 f5 10.Nc3 Nxc3 11.Qxc3 Nd7 12.Rae1 Nf6 13.Nd2 Qe8 14.e4 f4 15.e5 Ng4
16.Re4 dxe5 17.h3 exd4 18.Qxd4 Nf6 19.Re2 fxg3 20.fxg3 Ra6 21.c5 Qh5 22.Re5  1/2-1/2

[Event "40th TCh-GRE 2012"]
[Site "Achaea GRE"]
[Date "2012.07.02"]
[Round "4.2"]
[White "Mitigas,S"]
[Black "Kotronias,V"]
[Result "0-1"]
[WhiteElo "2170"]
[BlackElo "2595"]

1.d4 Nf6 2.c4 e6 3.Nf3 Bb4+ 4.Bd2 Bxd2+ 5.Qxd2 b6 6.Nc3 Bb7 7.g3 d6 8.Bg2 Nbd7
9.O-O O-O 10.Rfe1 Ne4 11.Qc2 f5 12.Nd2 d5 13.f3 Nxd2 14.Qxd2 dxc4 15.e4 fxe4
16.fxe4 Ne5 17.Rf1 Qd6 18.Nb5 Qd7 19.Qc3 Qxb5 20.dxe5 Qc5+ 21.Kh1 a5 22.Rac1 b5
23.b3 Rxf1+ 24.Rxf1 b4 25.Qxc4 Qxc4 26.bxc4 Rd8 27.Bh3 Bxe4+ 28.Kg1 Re8 29.Rf4 Bb1
30.Rf2 c5 31.Kf1 a4 32.Rb2 Bd3+ 33.Ke1 a3 34.Rd2 Bxc4 35.Rc2 Bd5 36.Rxc5 Bxa2
37.Rb5 b3 38.Bf1 b2 39.Bd3 Bd5 40.Bb1 Rc8  0-1

[Event "40th TCh-GRE 2012"]
[Site "Achaea GRE"]
[Date "2012.07.02"]
[Round "4.5"]
[White "Hatzoudis,G"]
[Black "Palaskos,A"]
[Result "1/2-1/2"]
[WhiteElo "1837"]
[BlackElo "1788"]

1.d4 Nf6 2.c4 e6 3.Nf3 Bb4+ 4.Bd2 Qe7 5.g3 Nc6 6.Nc3 Bxc3 7.Bxc3 Ne4 8.Rc1 O-O
9.Bg2 Nxc3 10.Rxc3 d6 11.d5 Nd8 12.O-O e5 13.Nd2 f5 14.f4 e4 15.Nb3 c5 16.Na1 Bd7
17.Qd2 Nf7 18.Nc2 a5 19.b3 Nh6 20.a4 Ng4 21.Bh3 Nf6 22.Ne3 g6 23.Kf2 b6 24.Ke1 Rf7
25.Kd1 Kf8 26.Rc1 Ke8 27.Kc2 Kd8 28.Rf2 Kc7 29.Rcf1 Raf8 30.Qc3 Kb7 31.Kb2 Nh5
32.Ng2 Re8 33.Ne3 Nf6 34.Kc2 h5 35.Ng2 Rh7 36.Nh4 Rg8 37.e3 Ne8 38.Kb2 Nc7
39.Rg1 Na6 40.Bf1 Nb4 41.Be2 Be8 42.Rgf1 Bf7 43.Ng2 Be8  1/2-1/2

[Event "40th TCh-GRE 2012"]
[Site "Achaea GRE"]
[Date "2012.07.02"]
[Round "4.7"]
[White "Alexakis,Georgios"]
[Black "Ontabasidis,Aristidis"]
[Result "0-1"]
[WhiteElo "1650"]
[BlackElo "1588"]

1.d4 Nf6 2.Nf3 e6 3.c4 Bb4+ 4.Bd2 Bxd2+ 5.Nbxd2 d6 6.e4 Qe7 7.Be2 e5 8.d5 Nbd7
9.b4 Nf8 10.Qc2 Ng6 11.Nb3 O-O 12.O-O Nh5 13.Ne1 Nhf4 14.g3 Nxe2+ 15.Qxe2 f5
16.f3 f4 17.g4 Bd7 18.c5 Rad8 19.a4 h5 20.gxh5 Qg5+ 21.Kh1 Qxh5 22.Rg1 Kf7
23.Qg2 Rh8 24.Ra2 Rh7 25.Qg5 Qxg5 26.Rxg5 Rdh8 27.Rgg2 Rh3 28.Rgf2 Ne7 29.cxd6 cxd6
30.b5 g5 31.Na5 b6 32.Nc6 Nc8 33.a5 g4 34.fxg4 Bxg4 35.axb6 axb6 36.Na7 Re3
37.Nc2 Rxe4 38.Nxc8 Rxc8 39.Ra7+ Kf6 40.Rb7 Bh3 41.Kg1 Rc5 42.Rh7 Bf5 43.Rh6+ Ke7
44.Rg2 Rxd5 45.Rg7+ Kf8 46.Rb7 Rd1+ 47.Kf2 Kg8 48.Rb8+ Kg7 49.Rhh8 Be6 50.Rhe8 Bf7
51.Rb7 Kg6 52.Ree7 Bd5 53.Rxb6 Rd2+ 54.Kf1 Bc4+ 55.Kg1 Rxc2 56.Rxd6+ Kf5
57.Rd1 Ree2 58.Rh7 Bxb5 59.Rg7 Kf6 60.Rb7 Rg2+  0-1

[Event "ch-SLO 2012"]
[Site "Ljubljana SLO"]
[Date "2012.07.02"]
[Round "3.1"]
[White "Soln,P"]
[Black "Krumpacnik,D"]
[Result "1-0"]
[WhiteElo "2387"]
[BlackElo "2382"]

1.d4 e6 2.c4 Nf6 3.Nf3 Bb4+ 4.Bd2 Qe7 5.g3 Bxd2+ 6.Qxd2 d6 7.Nc3 c6 8.Bg2 e5
9.e4 O-O 10.O-O a5 11.Rfe1 Na6 12.h3 Re8 13.b3 Rb8 14.Rac1 Qc7 15.Kh2 h6
16.Nh4 Be6 17.f4 exd4 18.Qxd4 Rbd8 19.Nd5 Nxd5 20.cxd5 c5 21.Qd2 Bd7 22.g4 Qb6
23.g5 Qb4 24.Qe2 hxg5 25.fxg5 g6 26.Rc4 Qb6 27.Qf2 Bb5 28.Rc3 Nb4 29.Ree3 Qc7
30.a3 Na6 31.a4 Bd7 32.Rf3 Bc8 33.Rf6 Rf8 34.Rcf3 Qe7 35.Nxg6 fxg6 36.Rxg6+ Kh7
37.Qh4+  1-0

[Event "Mulhouse IM 2012"]
[Site "Mulhouse FRA"]
[Date "2012.07.02"]
[Round "1.1"]
[White "Barsov,A"]
[Black "Riff,V"]
[Result "1/2-1/2"]
[WhiteElo "2539"]
[BlackElo "2316"]

1.d4 Nf6 2.c4 e6 3.Nf3 Bb4+ 4.Bd2 Qe7 5.e3 O-O 6.Bxb4 Qxb4+ 7.Qd2 Qxd2+ 8.Nbxd2 d6
9.Bd3 Nbd7 10.Ne4 b6 11.Nxf6+ Nxf6 12.Nd2 Bb7 13.f3 e5 14.Kf2 Rfe8 15.Rhe1 a5
16.Rad1 Kf8 17.Nb1 exd4 18.exd4 Rxe1 19.Rxe1 Re8 20.Rxe8+  1/2-1/2

[Event "1st CT Casino Marina del Sol"]
[Site "Talcahuano CHI"]
[Date "2012.07.02"]
[Round "9.1"]
[White "Diaz Vasquez,M"]
[Black "Farfan Ortiz,V"]
[Result "0-1"]
[WhiteElo "2212"]
[BlackElo "2206"]

1.d4 Nf6 2.c4 e6 3.Nf3 Bb4+ 4.Bd2 Qe7 5.Nc3 b6 6.g3 Bb7 7.Bg2 O-O 8.O-O c5
9.a3 Ba5 10.b4 cxb4 11.Nb5 Nc6 12.axb4 Bxb4 13.Bxb4 Qxb4 14.Ra4 Qe7 15.Ne5 d5
16.Qa1 a5 17.Re1 Nxe5 18.dxe5 Nd7 19.cxd5 Bxd5 20.Rh4 Bxg2 21.Kxg2 Rac8 22.Rd1 h6
23.Nd6 Rc5 24.Re4 Rd5 25.Rxd5 exd5 26.Nf5 Qe6 27.Nd4 Qg6 28.Re3 Nc5 29.Qa2 Ne6
30.Nf3 Rc8 31.h3 d4 32.Rb3 Nf4+ 33.Kh2 Rc2 34.Qb1 Nxe2 35.Rxb6 Qe4 36.Nd2 Qf5
37.Rb8+ Kh7 38.Kg2 Nxg3 39.Kxg3 Qg5+ 40.Kf3 Qxd2 41.Ke4 Qe2+ 42.Kd5 Qc4+
43.Ke4 d3+ 44.Ke3 Re2+ 45.Kf3 Qe4+ 46.Kg3 Qxe5+ 47.Kg2 Qe4+ 48.Kg3 Re1 49.Qb7  0-1

[Event "Mulhouse IM 2012"]
[Site "Mulhouse FRA"]
[Date "2012.07.03"]
[Round "3.4"]
[White "Lutz,B"]
[Black "Riff,V"]
[Result "1/2-1/2"]
[WhiteElo "2310"]
[BlackElo "2316"]

1.d4 Nf6 2.c4 e6 3.Nf3 Bb4+ 4.Bd2 a5 5.g3 d6 6.Nc3 Nbd7 7.Bg2 O-O 8.O-O e5
9.dxe5 Nxe5 10.Nxe5 dxe5  1/2-1/2

[Event "9th Philadelphia International"]
[Site "Philadelphia USA"]
[Date "2012.07.03"]
[Round "9.8"]
[White "Kaufman,La"]
[Black "Ludwig,Dan"]
[Result "1/2-1/2"]
[WhiteElo "2380"]
[BlackElo "2456"]

1.d4 Nf6 2.c4 e6 3.Nf3 Bb4+ 4.Bd2 Qe7 5.g3 Nc6 6.Nc3 O-O 7.Bg2 Na5 8.b3 b6
9.Ne5 Bb7 10.Bxb7 Nxb7 11.O-O c5 12.Nf3 d5 13.cxd5 exd5 14.dxc5 bxc5 15.Na4 Bxd2
16.Qxd2 Rac8 17.Rac1 Nd6 18.Qb2  1/2-1/2

[Event "1st ITT LXSBC 2012"]
[Site "Sao Bernardo do Campo BRA"]
[Date "2012.07.03"]
[Round "2.4"]
[White "Aranha Filho,A"]
[Black "Batista,Re"]
[Result "0-1"]
[WhiteElo "2303"]
[BlackElo "2140"]

1.d4 Nf6 2.c4 e6 3.Nf3 Bb4+ 4.Bd2 a5 5.Nc3 O-O 6.a3 Bxc3 7.bxc3 Ne4 8.Qc2 f5
9.c5 b6 10.cxb6 cxb6 11.e3 Bb7 12.Rb1 d5 13.c4 Nd7 14.c5 Qc7 15.Qb2 Rfb8
16.cxb6 Nxb6 17.Qxb6 Bc6 18.Qxb8+ Rxb8 19.Rxb8+ Qxb8 20.Bd3 Qb2 21.Rf1 Bb5
22.Bxb5 Qxb5 23.Rg1 g5 24.g4 f4 25.exf4 Qd3 26.fxg5 Qxf3 27.Be3 Nc3 28.Kd2 Ne4+
29.Ke1 a4 30.h4 Nd6 31.Rg3 Qh1+ 32.Ke2 Ne4 33.Rf3 Nc3+  0-1

[Event "35th Barbera Open A"]
[Site "Barbera del Valles ESP"]
[Date "2012.07.04"]
[Round "1.10"]
[White "Perez Manas,B"]
[Black "Narciso Dublan,M"]
[Result "0-1"]
[WhiteElo "2250"]
[BlackElo "2539"]

1.Nf3 Nf6 2.c4 e6 3.d4 Bb4+ 4.Bd2 c5 5.e3 O-O 6.Bxb4 cxb4 7.Bd3 d6 8.O-O Nc6
9.d5 exd5 10.cxd5 Ne7 11.Qb3 Nfxd5 12.Bc4 Nb6 13.Qxb4 Nc6 14.Qc3 Bg4 15.Be2 Rc8
16.Nbd2 d5 17.Nb3 Re8 18.Nbd4 Qf6 19.Rfc1 Bxf3 20.Bxf3 Nxd4 21.Qxd4 Qxd4
22.exd4 Red8 23.b3 Kf8 24.Bg4 Rc6 25.Rxc6 bxc6 26.Rc1 Rd6 27.Rc5 g6 28.Kf1 f5
29.Be2 Ke7 30.Ke1 Kd8 31.Kd2 Kc7 32.Rc3 Nd7 33.Re3 Nf6 34.f3 Rd7 35.b4 Kd6
36.Ra3 Rb7 37.Kc3 Ne8 38.Ba6 Re7 39.Kd2 Nc7 40.Bf1 Ne6 41.Rd3 a5 42.bxa5 Ra7
43.Ra3 Nxd4 44.a6 c5 45.h4 c4 46.Be2 Nb5 47.Ra5 Nc7 48.Kc3 Rxa6 49.Rxa6+ Nxa6  0-1

[Event "ch-SLO 2012"]
[Site "Ljubljana SLO"]
[Date "2012.07.04"]
[Round "5.1"]
[White "Janzelj,T"]
[Black "Krumpacnik,D"]
[Result "0-1"]
[WhiteElo "2160"]
[BlackElo "2382"]

1.d4 Nf6 2.c4 e6 3.Nf3 Bb4+ 4.Bd2 Qe7 5.g3 Bxd2+ 6.Qxd2 d6 7.Bg2 e5 8.Nc3 c6
9.e4 Bg4 10.O-O Bxf3 11.Bxf3 O-O 12.Rad1 Na6 13.Bg2 Nc7 14.f4 Ne6 15.c5 exd4
16.cxd6 Qxd6 17.e5 Qb4 18.exf6 dxc3 19.bxc3 Qc5+ 20.Kh1 Rfd8 21.Qe2 gxf6
22.Qg4+ Ng7 23.Qh4 Rd6 24.Be4 f5 25.Qe7 Rxd1 26.Qxc5 Rxf1+ 27.Kg2 Rd1 28.Bxf5 Rd5
29.Bxh7+ Kxh7 30.Qe7 Rd2+ 31.Kh3 f5 32.Qxb7 Re8 33.Qxa7 Ree2 34.Qg1 Rxa2
35.Kh4 Rxh2+ 36.Kg5 Rag2 37.Qf1 Rxg3+ 38.Kf6 Rg6+ 39.Kf7 Rd2 40.Kf8 Rf6+
41.Ke7 Re6+  0-1

[Event "35th Barbera Open A"]
[Site "Barbera del Valles ESP"]
[Date "2012.07.05"]
[Round "2.28"]
[White "Ortiz Suarez,I"]
[Black "Lacasta Palacios,J"]
[Result "1-0"]
[WhiteElo "2562"]
[BlackElo "2195"]

1.d4 e6 2.Nf3 Nf6 3.c4 Bb4+ 4.Bd2 Qe7 5.g3 O-O 6.Bg2 Bxd2+ 7.Qxd2 d6 8.Nc3 Nc6
9.O-O e5 10.d5 Nd8 11.e4 Ne8 12.Ne1 b6 13.Nd3 a5 14.f4 Ba6 15.b3 Nb7 16.Rae1 f6
17.Bh3 g6 18.Be6+ Kh8 19.f5 g5 20.Kg2 Ng7 21.h4 gxh4 22.Rh1 Nxe6 23.dxe6 Rg8
24.Rxh4 Rg5 25.Reh1 c6 26.Nxe5 dxe5 27.Rxh7+ Qxh7 28.Rxh7+ Kxh7 29.Qd7+ Rg7
30.e7 Nc5 31.e8=Q Rxd7 32.Qxa8 Rd2+ 33.Kh3 Rd3 34.Qa7+  1-0

[Event "86th ch-ARG 2012"]
[Site "La Plata ARG"]
[Date "2012.07.08"]
[Round "7.13"]
[White "Tobares,L"]
[Black "Mansilla,Martin"]
[Result "1/2-1/2"]
[WhiteElo "2242"]
[BlackElo "2037"]

1.Nf3 Nf6 2.d4 e6 3.c4 Bb4+ 4.Bd2 a5 5.g3 d5 6.Qc2 Nc6 7.a3 Be7 8.Bg2 dxc4
9.Qxc4 Qd5 10.Qc3 Qb5 11.Qc2 O-O 12.Nc3 Qc4 13.e3 e5 14.Nxe5 Nxe5 15.dxe5 Ng4
16.f4 Qc5 17.Qe4 Rd8 18.Nd5 Be6 19.Nxe7+ Qxe7 20.Qc2 Qd7 21.Bc1 Qb5 22.Qe2 Qb3
23.O-O Bc4 24.Qxg4 Bxf1 25.Bxf1 Rd1 26.Qe2 Rad8 27.Kf2 R8d3 28.a4 Qd5 29.Qg4 Rxf1+
30.Kxf1 Qh1+ 31.Kf2 Qxh2+ 32.Kf1 Qh1+ 33.Kf2 Qh2+  1/2-1/2

[Event "NIKI Open 2012"]
[Site "Nachod CZE"]
[Date "2012.07.08"]
[Round "9.5"]
[White "Horak,Ji1"]
[Black "Voloshin,L"]
[Result "0-1"]
[WhiteElo "2185"]
[BlackElo "2434"]

1.d4 Nf6 2.Nf3 e6 3.c4 Bb4+ 4.Bd2 a5 5.g3 O-O 6.Bg2 Ne4 7.O-O Nxd2 8.Nbxd2 Be7
9.Rc1 c5 10.Ne4 b6 11.Nc3 Ba6 12.b3 d6 13.e3 Nd7 14.d5 e5 15.e4 g6 16.Ne1 f5
17.f4 exf4 18.gxf4 Bf6 19.Nf3 Qe7 20.e5 dxe5 21.d6 Qg7 22.fxe5 Nxe5 23.Nxe5 Bxe5
24.Bxa8 Bd4+ 25.Kg2 Rxa8 26.Nd5 Bb7 27.Re1 Qd7 28.Qe2 Qxd6 29.Qe6+ Qxe6 30.Rxe6 Rd8
31.Rxb6 Bxd5+ 32.cxd5 Rxd5 33.Ra6 Re5 34.Rc2 Kg7 35.Rxa5 Re1 36.h3 h5 37.a4 f4
38.h4 Re3 39.Rb5 f3+ 40.Kf1 Re4 41.Rh2 Rg4 42.Rf2 Bxf2 43.Kxf2 Rxh4 44.a5 c4
45.b4 c3 46.Rc5 Rxb4 47.Rxc3 Ra4 48.Rc5 Ra3 49.Kg3 Kh7 50.Rb5 Kh6 51.Re5 f2+
52.Kxf2 h4 53.Kg2 g5 54.Re6+ Kh5 55.a6 h3+ 56.Kh2 Kh4 57.Rh6+ Kg4 58.Rg6 Ra2+
59.Kh1 Kh4 60.Kg1 g4 61.Rf6 Ra1+ 62.Kf2 g3+ 63.Ke2 g2 64.Rg6 g1=Q  0-1

[Event "35th Barbera Open A"]
[Site "Barbera del Valles ESP"]
[Date "2012.07.09"]
[Round "6.35"]
[White "Mamedjarova,Z"]
[Black "Sanchez Dengra,J"]
[Result "1/2-1/2"]
[WhiteElo "2307"]
[BlackElo "2002"]

1.d4 Nf6 2.c4 e6 3.Nf3 Bb4+ 4.Bd2 Qe7 5.a3 Bxd2+ 6.Nbxd2 d6 7.Qc2 Nbd7 8.e3 O-O
9.Be2 Re8 10.O-O e5 11.Rfc1 b6 12.b4 c5 13.bxc5 dxc5 14.d5 e4 15.Ne1 Nf8
16.Qb2 Bg4 17.Bxg4 Nxg4 18.h3 Nf6 19.a4 N6d7 20.a5 f5 21.axb6 axb6 22.Rxa8 Rxa8
23.Ra1 Rxa1 24.Qxa1 Qe5 25.Qxe5 Nxe5 26.f3 exf3 27.gxf3 g5 28.f4 gxf4 29.exf4 Nf7
30.Nd3 Ng6 31.Kf2 Nd6 32.Ke3 b5 33.cxb5 Ne7 34.Nxc5 Nxb5 35.Kd3 Nxd5 36.Kc4 Nxf4
37.Kxb5 Nxh3 38.Nf3 Kf7 39.Kc4 Kg6 40.Kd4 Kh5 41.Ke5 Kg4 42.Nh2+ Kg3 43.Nf1+ Kf2
44.Kxf5 Kxf1  1/2-1/2

[Event "119th ch-SCO 2012"]
[Site "Glasgow SCO"]
[Date "2012.07.09"]
[Round "3.2"]
[White "Gretarsson,Hj"]
[Black "De Verdier,M"]
[Result "1/2-1/2"]
[WhiteElo "2507"]
[BlackElo "2352"]

1.d4 Nf6 2.c4 e6 3.Nf3 Bb4+ 4.Bd2 Qe7 5.g3 Nc6 6.Nc3 O-O 7.Bg2 Bxc3 8.Bxc3 Ne4
9.Rc1 d6 10.d5 Nxc3 11.Rxc3 Nb8 12.O-O e5 13.b4 a5 14.Ra3 b6 15.Nd2 Nd7 16.Qb3 Ra6
17.bxa5 bxa5 18.Qc3 a4 19.Qb4 Nc5 20.Ne4 Rb6 21.Qa5 Bd7 22.Nxc5 dxc5 23.d6 Qxd6
24.Rd3 Qe7 25.Rd5 Bc6 26.Rxc5 Bxg2 27.Kxg2 e4 28.Re5 Qa3 29.c5 Re6 30.Rxe6 fxe6
31.Qxc7 Qxa2 32.e3 Qc4 33.c6 a3 34.Qa5 a2 35.c7 h6 36.Qa3 Qxc7 37.Qxa2 Qf7
38.Qe2 Qf5 39.Rb1 h5 40.Rb5 e5 41.h3 Qf3+ 42.Qxf3 exf3+ 43.Kh2 Rc8 44.Rxe5 Rc2
45.Rxh5 Rxf2+ 46.Kg1 Re2 47.Kf1 Rxe3 48.Kf2 Ra3 49.Re5 Kh7 50.g4 Kg6 51.Rf5 Rb3
52.Rxf3 Rb6 53.Kg3 Ra6 54.h4 Ra1 55.Re3 Ra6 56.Kf4 Rf6+ 57.Ke5 Rf1 58.Rd3 Re1+
59.Kf4 Rf1+ 60.Rf3 Ra1 61.h5+ Kh6 62.Rd3 Rf1+ 63.Kg3 Rg1+ 64.Kh3 Rh1+ 65.Kg2 Ra1
66.Rd6+ Kh7 67.Kg3 Ra3+ 68.Kh4 Ra4 69.Re6 Rb4 70.Kg3 Rb3+ 71.Kf4 Rb4+ 72.Kf5 Rb5+
73.Re5 Rxe5+ 74.Kxe5 g6 75.h6 Kxh6 76.Kf6 g5 77.Kf5 Kh7 78.Kxg5  1/2-1/2

[Event "9th South Wales Int"]
[Site "Penarth WLS"]
[Date "2012.07.09"]
[Round "4.8"]
[White "Bryant,Jon"]
[Black "Leconte,JO"]
[Result "1/2-1/2"]
[WhiteElo "1908"]
[BlackElo "2298"]

1.d4 Nf6 2.Nf3 e6 3.c4 Bb4+ 4.Bd2 a5 5.Bxb4 axb4 6.g3 O-O 7.Bg2 d6 8.O-O Qe7
9.Qb3 c5 10.dxc5 dxc5 11.Ne5 Qc7 12.Qe3 Nbd7 13.Nxd7 Bxd7 14.Nd2 e5 15.Ne4 Nxe4
16.Bxe4 Be6 17.Bd5 Bxd5 18.cxd5 Qd6 19.Rfd1 c4 20.a3 b3 21.Rac1 Rfc8 22.Rc3 b5
23.Qe4 f6  1/2-1/2

[Event "2nd Polugaevsky Mem"]
[Site "Samara RUS"]
[Date "2012.07.09"]
[Round "5.27"]
[White "Iliushkin,E"]
[Black "Aseeva,A"]
[Result "1/2-1/2"]
[WhiteElo "2264"]
[BlackElo "2012"]

1.d4 Nf6 2.c4 e6 3.Nf3 Bb4+ 4.Bd2 Qe7 5.g3 b6 6.Bg2 Bb7 7.O-O Bxd2 8.Qxd2 O-O
9.Nc3 d5 10.Ne5 Rd8 11.Rfd1 Na6 12.Qg5 Re8 13.a3 c5 14.cxd5 exd5 15.Ng4 Nxg4
16.Qxg4 Qe6 17.Qg5 f6 18.Qh5 g6 19.Qf3 Nc7 20.dxc5 bxc5 21.Nxd5 Bxd5 22.Qxd5 Nxd5
23.Bxd5 Qxd5 24.Rxd5 Rxe2 25.Rxc5 Rxb2 26.Rc7 Rbb8 27.Rac1 a5 28.Kf1 a4 29.R1c6 f5
30.Rf6 Rc8 31.Rb7 Rab8 32.Rxb8 Rxb8 33.Ra6 Kf7 34.Rxa4 Ke6 35.Ra7 Rb3 36.Kg2 Rc3
37.h4 Kf6 38.a4 Ra3 39.a5 Ke6 40.a6 Kf6 41.Kf1 Ra2 42.Kg2 Ra3 43.Ra8 Kg7
44.Kf1 Ra2 45.Ke1 h6 46.Ra7+ Kf6 47.Kf1 Ke6 48.Kg2 Ra3 49.Rh7 h5 50.a7 Ke5
51.Rb7 Kf6 52.f4 Ke6 53.Kf2 Kd5 54.Re7 Kd4 55.Ke2 Ra2+ 56.Kd1 Kc3 57.Rd7 Ra1+
58.Ke2 Ra6 59.Kf3 Kc4 60.Rc7+ Kd5 61.Rd7+ Kc4 62.Rg7 Kd5 63.Re7 Ra3+ 64.Kg2 Ra6
65.Rg7 Ke4 66.Re7+ Kd5 67.Kf3 Ra3+ 68.Ke2 Kd4 69.Kd2 Ra2+ 70.Kd1 Kc3 71.Rd7 Ra1+
72.Ke2 Ra6 73.Kf3 Kc4 74.Kg2 Ra2+ 75.Kh3 Kc5 76.Rg7 Kd5 77.Rxg6 Rxa7 78.Rg5 Ke4
79.Rxh5 Kf3 80.Rxf5 Ra1 81.Kh2 Ra2+ 82.Kh3 Ra1  1/2-1/2

[Event "119th ch-SCO 2012"]
[Site "Glasgow SCO"]
[Date "2012.07.10"]
[Round "4.6"]
[White "McKay,R"]
[Black "Gretarsson,Hj"]
[Result "1/2-1/2"]
[WhiteElo "2376"]
[BlackElo "2507"]

1.d4 Nf6 2.c4 e6 3.Nf3 Bb4+ 4.Bd2 a5 5.e3 O-O 6.Be2 b6 7.O-O Bb7 8.Qb3 Qe7
9.Rc1 Ne4 10.a3 Bxd2 11.Nbxd2 d6 12.c5 dxc5 13.Nxe4 Bxe4 14.dxc5 Bd5 15.Qc3 Nd7
16.cxb6 cxb6 17.Nd2 e5 18.Qc7 Qd8 19.Qxd8 Rfxd8 20.b4 Kf8 21.f3 Ke7 22.e4 Be6
23.Bc4 Nf6 24.Bxe6 Rxd2 25.Bb3 g5 26.Rc7+ Rd7 27.Rac1 axb4 28.axb4 Ra7 29.R7c6 Rd3
30.Bc4 Rd4 31.h4 g4 32.Kh2 gxf3 33.gxf3 Rd2+ 34.Kg1 Rd4 35.Rc2 Nh5 36.b5 Ra1+
37.Kf2 Rh1 38.Rc7+ Rd7 39.Rxd7+ Kxd7 40.Kg2 Rxh4 41.Bxf7 Nf4+ 42.Kg3 Rh6
43.Kg4 Rf6 44.Bb3 h6 45.Rd2+ Ke7 46.Rc2 Rg6+ 47.Kh4 Kd7 48.Ba2 h5 49.Bf7 Rg1
50.Rc6 Rh1+ 51.Kg5 h4 52.Kf6 h3 53.Kxe5 h2 54.Rh6 Nd3+ 55.Kf6 Rf1 56.Rxh2 Rxf3+
57.Kg7 Ne5 58.Bd5 Rg3+ 59.Kh7 Kd6  1/2-1/2

[Event "7th Wroclaw Open A"]
[Site "Wroclaw POL"]
[Date "2012.07.10"]
[Round "9.2"]
[White "Grabarczyk,M"]
[Black "Arutinian,D"]
[Result "1/2-1/2"]
[WhiteElo "2442"]
[BlackElo "2556"]

1.d4 Nf6 2.c4 e6 3.Nf3 Bb4+ 4.Bd2 Bxd2+ 5.Qxd2 d5 6.e3 O-O 7.Nc3 Qe7 8.Rc1 Rd8
9.Qc2 dxc4 10.Bxc4 c5 11.O-O  1/2-1/2

[Event "5th Int ch-Central Serbia 2012"]
[Site "Paracin SRB"]
[Date "2012.07.12"]
[Round "8.6"]
[White "Indjic,A"]
[Black "Bogosavljevic,B"]
[Result "1/2-1/2"]
[WhiteElo "2451"]
[BlackElo "2520"]

1.d4 Nf6 2.c4 e6 3.Nf3 Bb4+ 4.Bd2 Qe7 5.g3 O-O 6.Bg2 Nc6 7.O-O Bxd2 8.Qxd2 d6
9.Nc3 h6 10.e4 e5 11.d5 Nb8 12.Ne1 Nbd7 13.Nd3 Nc5 14.Nxc5 dxc5 15.Ne2 Ne8
16.Nc1 Nd6 17.Nd3 b6 18.Qc3 f6 19.Rae1 a5 20.f4 Nf7 21.Bf3 g6 22.b3 Bd7 23.fxe5 Nxe5
24.Nxe5 fxe5 25.Qe3 Kg7 26.a4 Rf6 27.Bg2 Raf8 28.Rxf6 Rxf6 29.Rf1 Bg4 30.Bf3 Qf8
31.Kg2 Bd7 32.Rf2 Bc8 33.Be2 Bh3+ 34.Kg1 h5 35.Rf3 Rxf3 36.Qxf3 Qxf3 37.Bxf3 Kf6
38.Kf2 Kg5 39.Bg2 Kg4 40.Bf3+ Kg5 41.Bg2 Bxg2 42.h4+ Kf6 43.Kxg2 Kf7 44.Kf3  1/2-1/2